000 03698cam a22006014i 4500
003 PE-LiUPU
005 20250731165540.0
008 150625s r 000 0 d
020 _a8486584000
035 _a(Sirsi) i9788486584009
035 _a(Sirsi) i9788486584009
040 _aPE-LiUPU
_bspa
_cPE-LiUPU
_erda
049 _aPRUA
082 0 4 _a465
_bB454
_221
082 0 4 _a415
_bB45 T1
_221
100 1 _aBianchi de Cortina, Edith,
_eautor.
245 1 0 _aGramática estructural :
_benciclopedia de la lengua.
_n1 /
_cEdith Bianchi de Cortina.
250 _aNo tiene
264 1 _aBarcelona, España :
_bEditorial Confersa,
_c1976.
300 _a271 páginas :
_bilustraciones, gráficos ;
_c27 centimetros.
336 _atext
_2rdacontent
337 _aunmediated
_2rdamedia
338 _avolume
_2rdacarrier
505 0 _aFonología y ortografía: el alfabeto -- La vocales -- Las consonantes -- La sílaba -- El acento -- Signos gráficos -- Normativa de las reglas ortográficas -- Familia de palabras -- Teoría Gramatical: Las partes de la oración -- El sustantivo -- El artículo -- El adjetivo -- Adjetivos Calificativos -- Adjetivos numerales -- Adjetivos demostrativos -- Adjetivos posesivos -- Adjetivos indefinidos -- Adjetivos relativos -- Adjetivos enfáticos -- Adjetivos gentilicios -- El verbo -- La conjugación -- El pronombre -- Pronombres personales -- Pronombres demostrativos -- Pronombres posesivos -- Pronombres relativos -- Pronombres enfáticos -- Pronombres indefinidos -- El adverbio -- Medios de enlace -- La preposición -- La contracción -- La conjunción -- La conjunción -- La interjección -- Clases de oraciones según la actitud del hablante -- La Composición: La palabra como expresión del pensamiento -- La composición -- Forma de comunicación por escrito.
526 _aSEG44
526 _aSEG26
526 _aP151
526 _aP150
526 _aP149
526 _aP146
526 _aP145
526 _aP126
526 _aP125
526 _aP92
526 _aP75
526 _aP74
526 _aP27
526 _aP15
541 _g001-00003175;
910 _btqv
_caic
_d20170117
942 _2ddc
_cBOOK
949 _aRC 465 B45 4
_wDEWEY
_c1
_i26548
_lRC
_mBUL
_r0
_sY
_tBOOK
_u2015-6-25
_xEDUCACION
_zUNKNOWN
_0COMPRA
_o.CIRCNOTE. No olvidar cambiar la fecha de devolución!!!!!!!
_o.STAFF. Colección General
949 _aRC 465 B45 4
_wDEWEY
_c2
_i26547
_lRC
_mBUL
_r0
_sY
_tBOOK
_u2015-6-25
_xEDUCACION
_zUNKNOWN
_0COMPRA
_o.CIRCNOTE. No olvidar cambiar la fecha de devolución!!!!!!!
_o.STAFF. Colección General
949 _a415 B45 T1
_wDEWEY
_c1
_iFJ05433
_lCCODEBUJ1
_mBUJ
_p00.00
_r0
_sY
_tBOOK
_u2017-01-17
_xBIBLIOTECA
_zUNKNOWN
_0COMPRA
_o.STAFF. Colección General Juliaca
994 _aC0
_bPEPRU
596 _a1 3
999 _aRC 465 B45 1
_wDEWEY
_c40679
_i26542
_f2019-12-11
_g4
_lDISCARD
_mBUL
_r1
_sY
_tBOOK
_u2015-6-25
_xEDUCACION
_zUNKNOWN
_0COMPRA
_o.CIRCNOTE. No olvidar cambiar la fecha de devolución!!!!!!!
_o.STAFF. Colección General
_d40679
999 _aRC 465 B45 1
_wDEWEY
_c2
_i26541
_f2019-12-11
_g4
_lDISCARD
_mBUL
_r1
_sY
_tBOOK
_u2015-6-25
_xEDUCACION
_zUNKNOWN
_0COMPRA
_o.CIRCNOTE. No olvidar cambiar la fecha de devolución!!!!!!!
_o.STAFF. Colección General
999 _aRC 465 B45 1
_wDEWEY
_c3
_i74481
_f2021-11-9
_g5
_lCCODEBUL1
_mBUL
_r1
_sY
_tBOOK
_u2016-9-20
_xEDUCACION
_zUNKNOWN
_0COMPRA
_o.STAFF. Colección FACIHED
999 _a415 B45 T1
_wDEWEY
_c1
_iFJ05433
_f2022-1-19
_g3
_lCCODEBUJ1
_mBUJ
_r0
_sY
_tBOOK
_u2017-1-17
_xBIBLIOTECA
_zUNKNOWN
_0COMPRA
_o.STAFF. Colección General Juliaca
980 _81
_gALBERTO SANCHEZ Responsable de Automatización